| 000 | 00904nam a22001577a 4500 | ||
|---|---|---|---|
| 003 | OSt | ||
| 005 | 20151006093758.0 | ||
| 008 | 151006b xxu||||| |||| 00| 0 eng d | ||
| 040 | _cRUA | ||
| 082 | _aAVM PHA 2005 B075 Or.1 | ||
| 100 |
_92105 _aPHAN, DARASOMETA. |
||
| 245 | _aEffect of replacing fish meal by shrimp by - product on growth rate of broiler avian at animal experimental station of royal university of agriculture (ឥទ្ធិពលនៃការប្រើប្រាស់អនុផលបង្គាជំនួសម្សៅត្រីទៅលើការលូតលាស់មាន់សាច់ពូជ AVIAN នៅក្នុងស្ដានីយ៏ចិញ្ចឺសត្វនៃសាកលវិទ្យាល័យភូមិន្ទកសិកម្ម) | ||
| 260 |
_aPhnom Penh _bRUA _c2005 |
||
| 300 |
_aix, 40p. _bill. _c29cm. |
||
| 942 |
_2ddc _cAVM |
||
| 999 |
_c1985 _d1985 |
||